|
|
|
|
| LEADER |
00000nam0a2200000 4500 |
| 001 |
181899 |
| 005 |
20231101223644.0 |
| 010 |
|
|
|a 9785996302598
|
| 035 |
|
|
|a (RuTPU)RU\TPU\book\197171
|
| 035 |
|
|
|a RU\TPU\book\177295
|
| 090 |
|
|
|a 181899
|
| 100 |
|
|
|a 20090817d2010 m y0rusy50 ca
|
| 101 |
0 |
|
|a rus
|
| 102 |
|
|
|a RU
|
| 105 |
|
|
|a a j 000zy
|
| 200 |
1 |
|
|a Основы объектного программирования на С#(С# 3.0, Visual Studio 2008)
|e учебное пособие
|f В. А. Биллиг
|
| 210 |
|
|
|a Москва
|c Интернет-Университет Информационных Технологий
|c БИНОМ. Лаборатория знаний
|d 2010
|
| 215 |
|
|
|a 582 с.
|c ил.
|
| 225 |
1 |
|
|a Основы информационных технологий
|
| 330 |
|
|
|a Полное описание языка С# в версии 3.0. Рассматривается ядро языка, классы, структуры, интерфейсы, перечисления, делегаты, атрибуты. Обсуждаются вопросы программирования в классах, построения надежного и профессионального кода, стиля программирования. Каждая лекция сопровождается задачами. Данная книга предназначена для студентов и всех тех, кто собирается стать профессиональным программистом.
|
| 606 |
1 |
|
|a Языки программирования
|2 stltpush
|3 (RuTPU)RU\TPU\subj\65957
|9 82264
|
| 610 |
1 |
|
|a алгоритмические языки
|
| 610 |
1 |
|
|a описание
|
| 610 |
1 |
|
|a назначение
|
| 610 |
1 |
|
|a структура
|
| 610 |
1 |
|
|a среда разработки
|
| 610 |
1 |
|
|a примеры
|
| 610 |
1 |
|
|a учебные пособия
|
| 610 |
1 |
|
|a C#
|
| 610 |
1 |
|
|a Visual Studio. NET
|
| 675 |
|
|
|a 681.3.06:800.92(075.8)
|v 3
|
| 700 |
|
1 |
|a Биллиг
|b В. А.
|g Владимир Арнольдович
|
| 801 |
|
1 |
|a RU
|b 63413507
|c 20100611
|
| 801 |
|
2 |
|a RU
|b 63413507
|c 20210316
|g RCR
|
| 942 |
|
|
|c BK
|
| 959 |
|
|
|a 42/20100611
|d 2
|e 330,00
|f АНЛ:1
|f ЧЗТЛ:1
|